Statistics for Most Influential Countries in the World

Click here to take the quiz!

General Stats

  • This quiz has been taken 195 times
  • The average score is 17 of 20

Answer Stats

#Answer% Correct
5Germany
99%
1United States
99%
3China
98%
4United Kingdom
98%
6France
97%
7Japan
96%
2Russia
96%
15India
94%
17Australia
93%
11Spain
93%
9Italy
92%
10Canada
91%
13South Korea
83%
20Turkey
76%
12Saudi Arabia
74%
16Switzerland
67%
8Israel
62%
18Greece
56%
19Belgium
50%
14United Arab Emirates
42%

Score Distribution

Percentile by Number Answered

Percent of People with Each Score

Your Score History

You have not taken this quiz